High Road To Hunza / (Record no. 187471)

000 -LEADER
fixed length control field 00903 a2200169 4500
003 - CONTROL NUMBER IDENTIFIER
control field Nust
005 - DATE AND TIME OF LATEST TRANSACTION
control field 20230208095000.0
040 ## - CATALOGING SOURCE
Transcribing agency Nust
082 ## - DEWEY DECIMAL CLASSIFICATION NUMBER
Classification number 954.1,MON
100 ## - MAIN ENTRY--PERSONAL NAME
Personal name Mons, Barbara
9 (RLIN) 108717
245 ## - TITLE STATEMENT
Title High Road To Hunza /
Statement of responsibility, etc. Barbara Mons
260 ## - PUBLICATION, DISTRIBUTION, ETC.
Place of publication, distribution, etc. London
Name of publisher, distributor, etc. Faber and Faber
300 ## - PHYSICAL DESCRIPTION
Extent 157:p
505 ## - FORMATTED CONTENTS NOTE
Formatted contents note The Idea (Page-11), Istanbul (Page-15), Anatolia and Cilicia (Page-22) Goats in Aleppo (Page-26), Hama to Damascus (Page-33), Over the Euphrates (Page-40), To Isfahan (Page-50), Singing in the Wilderness (Page-55), The Grand Trunk Road (Page-70), The Great North Road (Page-74), House With a View (Page-86), Looking Back (Page-90), Home Life in Hunza (Page-98), Custom, Faith and Language (Page-108), Festival (Page-119), A Quiver of Arrows (Page-128), Hunza Crafts (Page-135), The Beaten Track (Page-147).
650 ## - SUBJECT ADDED ENTRY--TOPICAL TERM
Topical term or geographic name entry element Hunza , Pakistan
9 (RLIN) 108718
942 ## - ADDED ENTRY ELEMENTS (KOHA)
Source of classification or shelving scheme
Koha item type Book
Call number prefix 954.1,MON
Holdings
Withdrawn status Lost status Source of classification or shelving scheme Damaged status Not for loan Collection code Permanent Location Current Location Date acquired Total Checkouts Full call number Barcode Date last seen Price effective from Koha item type
            Military College of Signals (MCS) Military College of Signals (MCS) 12/12/2016   954.1 MON MCS29071 12/08/2016 12/12/2016 Book
© 2023 Central Library, National University of Sciences and Technology. All Rights Reserved.